Taylor Swift's Albums By Color - Statistics

General Stats
  • This quiz has been taken 28 times
  • The average score is 11 of 12
Answer Stats
Hint Answer % Correct
Red RED
100%
Black Reputation
100%
Purple Speak Now
96%
Brown Evermore
91%
Yellow Fearless
91%
Pink Lover
91%
Orange The Life Of A Showgirl
91%
Silver Folklore
87%
Navy Blue Midnights
87%
Green Taylor Swift
87%
White The Tortured Poets Department
87%
Light Blue 1989
83%
No matching quizzes found
Score Distribution
Percent of People with Each Score
Percentile by Number Answered
Your Score History
You have not taken this quiz